[Event "Ã‰ nois na Fita!!!"]
[Site "http://www.queenalice.com/game.php?id=2443"]
[Date "2004.12.2"]
[Round "-"]
[White "fabiano"]
[Black "ShyKamm"]
[Result "0-1"]
[WhiteElo "1018"]
[BlackElo "1072"]

1. d4 e6 2. e3 c6 3. f4 Bb4+ 4. Bd2 a5 5. c3 Bd6 6. g3 b6 7. Nf3 f5 8. a4 b5 9.
axb5 cxb5 10. Na3 b4 11. cxb4 axb4 12. Nb5 Na6 13. Nxd6+ Ke7 14. Nb5 Qb6 15.
Bxb4+ Nxb4 16. Qa4 Na6 17. Ng5 Bb7 18. Bc4 Nf6 19. h4 Bxh1 20. Kd2 d5 21. Bb3 h6
22. Nh3 Rac8 23. Rxh1 Nd7 24. Rc1 Ndc5 25. Qb4 Nxb4 26. Rxc5 Rxc5 27. Na3 Ra5
28. Nc2 Rc8 29. Ne1 Qb5 30. h5 Ra1 31. Ba4 Rxa4 32. b3 Ra2+ 33. Kd1 Qe2# 0-1

[Event "Challenge"]
[Site "http://www.queenalice.com/game.php?id=2655"]
[Date "2004.12.9"]
[Round "-"]
[White "EdoVillarroel"]
[Black "ShyKamm"]
[Result "1-0"]
[WhiteElo "1511"]
[BlackElo "1034"]

1. e4 e6 2. d4 d5 3. Nc3 dxe4 4. Nxe4 f6 5. Nf3 f5 6. Nc3 b6 7. Bc4 Nc6 8. O-O
Qd6 9. Be3 Na5 10. Be2 c5 11. Nb5 Qc6 12. Ne5 Qd5 13. Nc7+ Kd8 14. Nxd5 1-0

[Event "Challenge"]
[Site "http://www.queenalice.com/game.php?id=2657"]
[Date "2004.12.9"]
[Round "-"]
[White "ShyKamm"]
[Black "EdoVillarroel"]
[Result "0-1"]
[WhiteElo "1036"]
[BlackElo "1509"]

1. e3 e5 2. d4 exd4 3. exd4 d5 4. c3 Nf6 5. b4 Be7 6. f4 Nbd7 7. Nf3 O-O 8. g4
b6 9. g5 Ne4 10. Nbd2 Bb7 11. a4 c5 12. bxc5 bxc5 13. dxc5 Bxc5 0-1

[Event "NEGUINHA"]
[Site "http://www.queenalice.com/game.php?id=2814"]
[Date "2004.12.15"]
[Round "-"]
[White "ronisj"]
[Black "ShyKamm"]
[Result "1-0"]
[WhiteElo "1490"]
[BlackElo "1110"]

1. e3 e6 2. Bc4 d5 3. Bf1 c6 4. c3 Na6 5. Bxa6 bxa6 6. b4 Nf6 7. a4 Ne4 8. Qe2
Qh4 9. g3 Nxg3 10. fxg3 Qe4 11. Nf3 h6 12. d3 Qg6 13. Ne5 Qf5 14. Nxc6 Bb7 15.
Nd4 Qe5 16. Qf3 g5 17. Rf1 f5 18. Qh5+ Kd8 19. Qg6 Bd6 20. Nxe6+ Kc8 21. d4 Qxe6
22. Qxe6+ Kc7 23. Rxf5 Rhe8 24. Qf7+ Re7 25. Qf6 h5 26. Qxg5 h4 27. Qxh4 Re4 28.
g4 Be7 29. Qh5 Rf8 30. Rxf8 Bxf8 31. a5 Bc8 32. Qxd5 Bb7 33. Qf7+ Be7 34. h3 Kd7
35. Nd2 Rxe3+ 36. Kf2 Re6 37. Nf3 Rf6 38. Qg7 Rxf3+ 39. Ke2 Rxc3 40. Qh7 Bf3+
41. Ke1 Ke6 42. Qh6+ 1-0

[Event "XÃ¡-LÃªnji"]
[Site "http://www.queenalice.com/game.php?id=3038"]
[Date "2004.12.23"]
[Round "-"]
[White "davihulse"]
[Black "ShyKamm"]
[Result "1-0"]
[WhiteElo "1531"]
[BlackElo "1069"]

1. d4 e6 2. e4 Qh4 3. Nc3 Nf6 4. e5 Ng4 5. g3 Qd8 6. Qxg4 g6 7. Bg5 h5 8. Qf4
Be7 9. Ne4 f6 10. exf6 d5 11. fxe7 Qd7 12. Nf6+ Kf7 13. Nxd7+ Ke8 14. Ne5 a5 15.
Nxg6 Rg8 16. Qxc7 Rxg6 17. Qxc8+ Kf7 18. e8=Q Kg7 19. Qxb7+ Nd7 20. Qexd7+ Kh8
21. Qxa8+ Rg8 22. Bf6# 1-0

[Event "O quÃª?!!!"]
[Site "http://www.queenalice.com/game.php?id=3117"]
[Date "2004.12.27"]
[Round "-"]
[White "Fabio"]
[Black "ShyKamm"]
[Result "1-0"]
[WhiteElo "1438"]
[BlackElo "1030"]

1. d4 e6 2. e3 f5 3. Nf3 Nf6 4. Ne5 Ne4 5. Qh5+ g6 6. Nxg6 Qf6 7. Nxh8+ Ke7 8.
Qxh7+ Bg7 9. Ng6+ Kf7 10. Ne5+ Ke8 11. Be2 Ng5 12. Bh5+ Ke7 13. b3 Nxh7 14. Ba3+
d6 15. Bg6 Ng5 16. h4 Ne4 17. Bf7 Kd8 18. Nc4 Qxf7 19. f3 Ng3 20. Rh3 1-0

[Event "Desafio VIII"]
[Site "http://www.queenalice.com/game.php?id=3372"]
[Date "2005.1.4"]
[Round "-"]
[White "ShyKamm"]
[Black "neves"]
[Result "0-1"]
[WhiteElo "1032"]
[BlackElo "1476"]

1. e3 d5 2. f4 c5 3. d4 c4 4. b3 b5 5. Nc3 Qd7 6. a4 a6 7. g3 cxb3 8. cxb3 b4 9.
Na2 a5 10. Qd3 Ba6 11. Qd1 Bxf1 12. Kxf1 h5 13. Nf3 Qh3+ 14. Kg1 Nf6 15. Ng5 Qg4
16. Nf3 Ne4 17. h3 Qxg3+ 18. Kf1 Qf2# 0-1

[Event "Desafio IX"]
[Site "http://www.queenalice.com/game.php?id=3986"]
[Date "2005.1.18"]
[Round "-"]
[White "neves"]
[Black "ShyKamm"]
[Result "1-0"]
[WhiteElo "1505"]
[BlackElo "1075"]

1. d4 e6 2. e4 Nf6 3. f3 c6 4. e5 Ng8 5. c4 f6 6. f4 Qc7 7. a4 d6 8. exf6 gxf6
9. Qh5+ Qf7 10. Be2 Qxh5 11. Bxh5+ Ke7 12. Nf3 Na6 13. O-O c5 14. d5 Nb4 15. Nc3
Nd3 16. b3 a6 17. Ba3 b5 18. axb5 Nxf4 19. Bg4 h5 20. Bxe6 Bb7 21. Bf5 axb5 22.
Rae1+ Kf7 23. Nxb5 Nd3 24. Re3 Nb4 25. Rfe1 Nh6 26. Nh4 Nxf5 27. Nxf5 Nc2 28.
Nfxd6+ Bxd6 29. Nxd6+ Kg6 30. Bxc5 Ba6 31. Rg3+ Kh6 32. Nf5+ Kh7 33. Re7# 1-0

[Event "Challenge"]
[Site "http://www.queenalice.com/game.php?id=4271"]
[Date "2005.1.26"]
[Round "-"]
[White "ShyKamm"]
[Black "Fabio"]
[Result "1-0"]
[WhiteElo "1067"]
[BlackElo "1457"]

1. e3 e5 2. c3 Bc5 3. d4 Bd6 4. f4 exf4 5. Bc4 fxe3 6. Qf3 f6 7. Bxe3 Qe7 8.
Qh5+ g6 9. Qg4 f5 10. Qe2 Qe4 11. Nd2 Qh4+ 12. g3 Bxg3+ 13. Kd1 Nf6 14. Ngf3 Qh3
15. Bg5+ Kf8 16. Bxf6 Rg8 17. Qe7# 1-0

[Event "AUTO-OPEN-45"]
[Site "http://www.queenalice.com/game.php?id=4485"]
[Date "2005.2.1"]
[Round "1"]
[White "ShyKamm"]
[Black "Omnipotent"]
[Result "0-1"]
[WhiteElo "1136"]
[BlackElo "1545"]

1. e3 e5 2. d4 exd4 3. e4 Nc6 4. Bc4 Nh6 5. Qf3 d6 6. Bxh6 Be6 7. b3 Nb4 8. Qc3
dxc3 9. Nf3 Nxc2+ 10. Kd1 Nxa1 0-1

[Event "Estrovengas Xadrez-Amareladas"]
[Site "http://www.queenalice.com/game.php?id=5057"]
[Date "2005.2.10"]
[Round "-"]
[White "nicholasmorassutti"]
[Black "ShyKamm"]
[Result "1-0"]
[WhiteElo "1055"]
[BlackElo "1129"]

1. e4 d6 2. Nf3 e5 3. d4 c5 4. Bc4 exd4 5. O-O Qf6 6. Bg5 Qg6 7. Na3 Qxe4 8. Nb5
h6 9. Nc7+ Kd7 10. Nxa8 Qg4 11. h3 Qh5 12. Bb5 Nc6 13. Qe1 hxg5 14. g4 Qxh3 15.
Nxg5 1-0

[Event "Desafio X"]
[Site "http://www.queenalice.com/game.php?id=5679"]
[Date "2005.2.21"]
[Round "-"]
[White "ShyKamm"]
[Black "neves"]
[Result "0-1"]
[WhiteElo "1136"]
[BlackElo "1367"]

1. e3 d5 2. d3 e5 3. c4 d4 4. c5 Bxc5 5. b3 Bb4+ 6. Nd2 Bxd2+ 7. Bxd2 Bf5 8. Bb4
Na6 9. Qe2 Nxb4 10. exd4 Nxd3 11. Kd1 Qxd4 12. Nf3 Nxf2+ 13. Ke1 Nd3+ 0-1